[Event "Wch U18 Girls"]
[Site "Durban"]
[Date "2014.09.27"]
[Round "9"]
[White "Dragieva, Denitza"]
[Black "Leonardi, Caterina"]
[Result "1/2-1/2"]
[WhiteElo "2066"]
[BlackElo "1903"]
[PlyCount "69"]
[EventDate "2014.09.20"]
[EventType "swiss"]
[EventRounds "11"]
[EventCountry "RSA"]
[SourceTitle "CBM 162 Extra"]
[Source "ChessBase"]
[SourceDate "2014.10.17"]
[SourceVersion "1"]
[SourceVersionDate "2014.10.17"]
[SourceQuality "1"]

1. d4 d5 2. Nf3 Nf6 3. Bf4 g6 4. e3 Bg7 5. Be2 Nh5 6. Bg5 h6 7. Bh4 Nd7 8. 0-0 0-0 9. Nbd2 c5 10. c3 b6 11. b4 Bb7 12. bxc5 bxc5 13. Qb3 Bc6 14. Qa3 g5 15. Ne5 Bxe5 16. dxe5 Ng7 17. Bg3 h5 18. f4 g4 19. c4 e6 20. Nb3 dxc4 21. Na5 Be4 22. Nxc4 Nf5 23. Be1 Qc7 24. Rf2 Nb6 25. Ba5 Nxc4 26. Bxc4 Qc6 27. Bd3 Rab8 28. Rc2 Qd5 29. Bxe4 Qxe4 30. Qxc5 Rfc8 31. Qxc8+ Rxc8 32. Rxc8+ Kg7 33. Bd8 Kg6 34. Bf6 Nh6 35. Rf1 1/2-1/2

[Event "Wch U18 Girls"]
[Site "Durban"]
[Date "2014.09.23"]
[Round "5"]
[White "Rodionova, Polina"]
[Black "Dragieva, Denitza"]
[Result "1-0"]
[WhiteElo "2090"]
[BlackElo "2066"]
[PlyCount "101"]
[EventDate "2014.09.20"]
[EventType "swiss"]
[EventRounds "11"]
[EventCountry "RSA"]
[SourceTitle "CBM 162 Extra"]
[Source "ChessBase"]
[SourceDate "2014.10.17"]
[SourceVersion "1"]
[SourceVersionDate "2014.10.17"]
[SourceQuality "1"]

1. e4 e5 2. Nf3 Nc6 3. Nc3 Nf6 4. d4 Bb4 5. Nxe5 Bxc3+ 6. bxc3 Qe7 7. Bd3 Nxe5 8. dxe5 Qxe5 9. 0-0 b6 10. Qe1 Bb7 11. f4 Qc5+ 12. Kh1 Qc6 13. Rf2 0-0-0 14. Re2 d5 15. e5 Ne4 16. c4 Nc5 17. Bf5+ Kb8 18. cxd5 Rxd5 19. Bg4 Qg6 20. Bf3 Rd7 21. Bxb7 Kxb7 22. Be3 Ne6 23. Qf2 f5 24. a4 Rhd8 25. Ree1 Qh5 26. Qf1 a5 27. h3 Nd4 28. Qf2 Qg6 29. c3 Nb3 30. Ra2 Qc6 31. Qc2 Nc5 32. Bxc5 Qxc5 33. Qxf5 Qxc3 34. Qe4+ Kb8 35. Rae2 g6 36. e6 Re7 37. Kh2 Qf6 38. Qe5 Qxe5 39. Rxe5 Rd4 40. R5e4 c5 41. g4 Kc7 42. f5 gxf5 43. gxf5 Rxe4 44. Rxe4 Kd6 45. Kg3 c4 46. Kf4 c3 47. Rc4 b5 48. axb5 Rb7 49. Rxc3 Rxb5 50. Rd3+ Ke7 51. Rd7+ 1-0

[Event "Plovdiv Tringov Memorial 36th"]
[Site "Plovdiv"]
[Date "2014.02.03"]
[Round "2"]
[White "Georgescu, Tiberiu Marian"]
[Black "Dragieva, Denitza"]
[Result "1-0"]
[WhiteElo "2455"]
[BlackElo "2090"]
[PlyCount "69"]
[EventDate "2014.02.02"]
[EventType "swiss"]
[EventRounds "9"]
[EventCountry "BUL"]
[SourceTitle "CBM 158 Extra"]
[Source "ChessBase"]
[SourceDate "2014.02.28"]
[SourceVersion "1"]
[SourceVersionDate "2014.02.28"]
[SourceQuality "1"]

1. Nf3 d5 2. g3 Nf6 3. Bg2 Bg4 4. 0-0 Nbd7 5. d3 e6 6. Qe1 c6 7. e4 Nc5 8. e5 Nfd7 9. h3 Bh5 10. Nc3 Be7 11. Nh2 Bg6 12. f4 h5 13. Nf3 Na6 14. Kh1 Nb4 15. Qe2 c5 16. a3 Nc6 17. b4 a6 18. b5 Nd4 19. Nxd4 cxd4 20. Nxd5 Nc5 21. Nxe7 Qxe7 22. bxa6 Rxa6 23. Bd2 0-0 24. Bb4 Rc8 25. Rab1 b6 26. Bf3 h4 27. g4 Qd7 28. Qg2 Rc7 29. Rf2 Na4 30. Rg1 Nc3 31. f5 Bh7 32. Bd6 Rca7 33. Bc6 Qd8 34. fxe6 fxe6 35. Rgf1 1-0

[Event "Wch U18 Girls"]
[Site "Al Ain"]
[Date "2013.12.21"]
[Round "4"]
[White "Kuckling, Hannah"]
[Black "Dragieva, Denitza"]
[Result "1/2-1/2"]
[WhiteElo "1993"]
[BlackElo "2095"]
[PlyCount "108"]
[EventDate "2013.12.18"]
[EventType "swiss"]
[EventRounds "11"]
[EventCountry "UAE"]
[SourceTitle "CBM 158 Extra"]
[Source "ChessBase"]
[SourceDate "2014.02.28"]
[SourceVersion "1"]
[SourceVersionDate "2014.02.28"]
[SourceQuality "1"]

1. e4 e5 2. Nf3 Nc6 3. Bb5 a6 4. Ba4 Nf6 5. 0-0 Be7 6. Re1 b5 7. Bb3 d6 8. c3 0-0 9. d4 Bg4 10. Be3 exd4 11. cxd4 Na5 12. h3 Bh5 13. Nbd2 c5 14. g4 Bg6 15. Nh4 Nxb3 16. axb3 Bxe4 17. g5 Bb7 18. gxf6 Bxf6 19. Nf5 g6 20. Nh6+ Kh8 21. Qg4 Bg7 22. Rad1 f5 23. Qf4 Qf6 24. dxc5 dxc5 25. Qc7 Bc6 26. Bf4 Rac8 27. Qe7 Rce8 28. Qxf6 Bxf6 29. Rxe8 Rxe8 30. Nf7+ Kg7 31. Ng5 h6 32. Ngf3 Bxb2 33. Be3 Rd8 34. Rb1 Bc3 35. Rc1 b4 36. Bxc5 Rd3 37. Bxb4 Bxb4 38. Rxc6 Bxd2 39. Nxd2 Rxd2 40. Rxa6 Rd3 41. h4 Rxb3 42. Ra7+ Kf6 43. Ra6+ Kf7 44. Ra7+ Ke8 45. Ra8+ Kd7 46. Ra7+ Kc8 47. Ra6 Rb4 48. Rxg6 Rxh4 49. Rf6 Rh5 50. Kg2 Kd7 51. Kg3 Ke7 52. Ra6 Kf7 53. Kf4 Rh2 54. Kxf5 Rxf2+ 1/2-1/2

[Event "EU-ch U18 Girls 23rd"]
[Site "Budva"]
[Date "2013.10.07"]
[Round "8"]
[White "Dragieva, Denitza"]
[Black "Nicolajsen, Thea"]
[Result "1-0"]
[WhiteElo "2086"]
[BlackElo "1782"]
[PlyCount "73"]
[EventDate "2013.09.29"]
[EventType "swiss"]
[EventRounds "9"]
[EventCountry "MNE"]
[SourceTitle "CBM 156 Extra"]
[Source "ChessBase"]
[SourceDate "2013.10.22"]
[SourceVersion "1"]
[SourceVersionDate "2013.10.22"]
[SourceQuality "1"]

1. d4 Nf6 2. Nf3 d5 3. Bf4 Bf5 4. e3 e6 5. c4 c6 6. Nc3 h6 7. Qb3 Qb6 8. c5 Qxb3 9. axb3 Nbd7 10. b4 Nh5 11. Be5 f6 12. Bc7 Rc8 13. Bd6 Bxd6 14. cxd6 a6 15. h3 Be4 16. Nd2 g5 17. Ndxe4 dxe4 18. Be2 Ng7 19. Nxe4 Rb8 20. Nc5 f5 21. Bc4 Nxc5 22. bxc5 Kd7 23. Ke2 Rhe8 24. f4 Nh5 25. Kf3 Nf6 26. g4 Rh8 27. Bd3 gxf4 28. exf4 fxg4+ 29. hxg4 Rbf8 30. Rae1 h5 31. g5 Nd5 32. Rh4 Rhg8 33. Re5 Rf7 34. g6 Rf6 35. Rexh5 Rgf8 36. Rh7+ Kc8 37. g7 1-0

[Event "EU-ch U18 Girls 23rd"]
[Site "Budva"]
[Date "2013.10.02"]
[Round "4"]
[White "Skuhala, Barbara"]
[Black "Dragieva, Denitza"]
[Result "0-1"]
[WhiteElo "1885"]
[BlackElo "2086"]
[PlyCount "46"]
[EventDate "2013.09.29"]
[EventType "swiss"]
[EventRounds "9"]
[EventCountry "MNE"]
[SourceTitle "CBM 156 Extra"]
[Source "ChessBase"]
[SourceDate "2013.10.22"]
[SourceVersion "1"]
[SourceVersionDate "2013.10.22"]
[SourceQuality "1"]

1. e4 e5 2. Nf3 Nc6 3. Bc4 Bc5 4. 0-0 Nf6 5. d4 Bxd4 6. Nxd4 Nxd4 7. f4 d6 8. fxe5 dxe5 9. Bg5 Be6 10. Na3 Qe7 11. c3 Bxc4 12. Nxc4 Ne6 13. Bxf6 Qc5+ 14. Kh1 gxf6 15. Na3 Rg8 16. Nc2 Rg6 17. Qd2 Rd8 18. Qe1 Nf4 19. Ne3 Rd3 20. Nd1 Nxg2 21. Qe2 Nf4 22. Qc2 Rh3 23. Nf2 Rxh2+ 0-1

[Event "EU-ch U18 Girls 23rd"]
[Site "Budva"]
[Date "2013.10.01"]
[Round "3"]
[White "Fischer, Julie"]
[Black "Dragieva, Denitza"]
[Result "1-0"]
[WhiteElo "1937"]
[BlackElo "2086"]
[PlyCount "81"]
[EventDate "2013.09.29"]
[EventType "swiss"]
[EventRounds "9"]
[EventCountry "MNE"]
[SourceTitle "CBM 156 Extra"]
[Source "ChessBase"]
[SourceDate "2013.10.22"]
[SourceVersion "1"]
[SourceVersionDate "2013.10.22"]
[SourceQuality "1"]

1. e4 e5 2. Nf3 Nc6 3. Nc3 Nf6 4. d4 Bb4 5. Nxe5 Bxc3+ 6. bxc3 Qe7 7. Nxc6 Qxe4+ 8. Be2 Qxc6 9. 0-0 Qxc3 10. Rb1 b6 11. Bb2 Qc6 12. Ba3 Kd8 13. Bb5 Qd5 14. Re1 Bb7 15. Be7+ Kc8 16. f3 Qg5 17. Bc4 d5 18. Re5 Qh6 19. Bd3 Kb8 20. Qe2 a6 21. Bb4 Qf4 22. Qf2 Nd7 23. Rf5 Qh6 24. Rxf7 Qe6 25. Rxg7 Ka7 26. Re1 Qc6 27. Ree7 Rad8 28. Bf5 Bc8 29. Qe1 a5 30. Bd2 Kb8 31. Rxh7 Rxh7 32. Bxh7 Nf6 33. Bd3 Re8 34. h4 Bd7 35. Rxe8+ Nxe8 36. h5 Qf6 37. Qe5 Qf8 38. Qxd5 Nd6 39. h6 Bc8 40. h7 Qg7 41. Qe5 1-0

[Event "Wch U18 Girls"]
[Site "Al Ain"]
[Date "2013.??.??"]
[Round "3"]
[White "Dragieva, Denitza"]
[Black "Baraeva, Irina"]
[Result "1/2-1/2"]
[WhiteElo "2095"]
[BlackElo "2211"]
[PlyCount "89"]
[EventDate "2013.12.18"]
[EventType "swiss"]
[EventRounds "11"]
[EventCountry "UAE"]
[SourceTitle "CBM 158 Extra"]
[Source "ChessBase"]
[SourceDate "2014.02.28"]
[SourceVersion "1"]
[SourceVersionDate "2014.02.28"]
[SourceQuality "1"]

1. d4 d5 2. Nf3 Nf6 3. Bf4 c5 4. e3 Nc6 5. Be2 Bg4 6. 0-0 e6 7. Nbd2 cxd4 8. exd4 Bd6 9. Bxd6 Qxd6 10. c3 0-0 11. Ne5 Bxe2 12. Qxe2 Rab8 13. a4 a6 14. Nd3 b5 15. axb5 axb5 16. b4 Nd7 17. f4 Nb6 18. Nc5 Nc4 19. g3 Ra8 20. Nf3 g6 21. Ra2 Rfb8 22. Rfa1 Qd8 23. Nxe6 Rxa2 24. Rxa2 Qe8 25. Nc5 Qxe2 26. Rxe2 Ra8 27. Nd7 Kg7 28. Nde5 N6xe5 29. dxe5 Ra3 30. Rc2 Ra1+ 31. Kf2 Na3 32. Rd2 Nb1 33. Rxd5 Ra2+ 34. Ke3 Nxc3 35. Rd7 Kg8 36. Kd4 Rf2 37. Kxc3 Rxf3+ 38. Kd4 Rf2 39. Kc5 Rxh2 40. Kxb5 Rh3 41. Kc6 Rxg3 42. b5 Rc3+ 43. Kb7 h5 44. b6 h4 45. Rd1 1/2-1/2

[Event "Wch U16 Girls"]
[Site "Maribor"]
[Date "2012.11.15"]
[Round "8.7"]
[White "Imnadze, Nato"]
[Black "Dragieva, Denitza"]
[Result "1-0"]
[WhiteElo "2062"]
[BlackElo "2027"]
[PlyCount "65"]
[EventDate "2012.11.08"]
[EventType "swiss"]
[EventRounds "11"]
[EventCountry "SLO"]
[SourceTitle "EXT 2013"]
[Source "ChessBase"]
[SourceDate "2012.11.22"]
[SourceVersion "1"]
[SourceVersionDate "2012.11.22"]
[SourceQuality "1"]

1. Nf3 d5 2. g3 Nf6 3. Bg2 Bg4 4. d3 Nbd7 5. Nbd2 c6 6. 0-0 e5 7. e4 Bd6 8. Qe2 0-0 9. h3 Bh5 10. g4 Bg6 11. Nh4 dxe4 12. dxe4 Re8 13. Nxg6 hxg6 14. Nc4 Bf8 15. Bg5 Qc7 16. Rad1 Nh7 17. Bh4 b5 18. Ne3 g5 19. Bg3 Bc5 20. Rd3 Ndf8 21. Rfd1 f6 22. Qd2 g6 23. h4 gxh4 24. Bxh4 Be7 25. Qc3 Qb6 26. g5 Rad8 27. gxf6 Rxd3 28. Rxd3 Bxf6 29. Bg3 Qa6 30. Ng4 Bg7 31. a3 Nf6 32. Bxe5 Nh5 33. Bxg7 1-0

[Event "EU-ch U16 Girls"]
[Site "Prague"]
[Date "2012.08.20"]
[Round "4"]
[White "Dragieva, Denitza"]
[Black "Tarnowska, Aleksandra"]
[Result "1-0"]
[WhiteElo "2005"]
[BlackElo "1839"]
[PlyCount "101"]
[EventDate "2012.08.17"]
[EventType "swiss"]
[EventRounds "9"]
[EventCountry "CZE"]
[SourceTitle "CBM 150 Extra"]
[Source "ChessBase"]
[SourceDate "2012.10.19"]
[SourceVersion "1"]
[SourceVersionDate "2012.10.19"]
[SourceQuality "1"]

1. d4 d5 2. Nf3 Nf6 3. Bf4 e6 4. e3 Bd6 5. Ne5 0-0 6. Bd3 Nbd7 7. Qf3 Ne8 8. Qh3 f5 9. Nd2 Bxe5 10. dxe5 Nc5 11. Be2 Qe7 12. 0-0 h6 13. f3 Bd7 14. e4 dxe4 15. fxe4 Nxe4 16. Nxe4 fxe4 17. Qb3 Qc5+ 18. Kh1 g5 19. Be3 Rxf1+ 20. Rxf1 Qxe5 21. Qxb7 Qd5 22. Qb4 Nd6 23. Rd1 Qf5 24. Bc5 Rf8 25. Bxd6 cxd6 26. Qxd6 Rf7 27. h3 Qf2 28. Bc4 Qf6 29. Rf1 Qe7 30. Qb8+ Kh7 31. Rxf7+ Qxf7 32. Qxa7 e3 33. Qxe3 Bc8 34. a4 Kg7 35. Qd4+ Kh7 36. Bd3+ Kg8 37. Qd8+ Qf8 38. Qxf8+ Kxf8 39. a5 Ke7 40. b4 Kd6 41. a6 Kc6 42. Kg1 Kb6 43. Kf2 Bd7 44. Ke3 Bc6 45. g3 e5 46. c4 e4 47. Bxe4 Bd7 48. b5 Bxh3 49. c5+ Ka7 50. Bb7 Kb8 51. b6 1-0

[Event "EU-ch U16 Girls"]
[Site "Prague"]
[Date "2012.08.19"]
[Round "3"]
[White "Amiridou, Dimitra"]
[Black "Dragieva, Denitza"]
[Result "1/2-1/2"]
[WhiteElo "1752"]
[BlackElo "2005"]
[PlyCount "163"]
[EventDate "2012.08.17"]
[EventType "swiss"]
[EventRounds "9"]
[EventCountry "CZE"]
[SourceTitle "CBM 150 Extra"]
[Source "ChessBase"]
[SourceDate "2012.10.19"]
[SourceVersion "1"]
[SourceVersionDate "2012.10.19"]
[SourceQuality "1"]

1. e4 e5 2. Nf3 Nc6 3. Bb5 a6 4. Ba4 Nf6 5. 0-0 Be7 6. Re1 b5 7. Bb3 d6 8. c3 0-0 9. h3 Na5 10. Bc2 c5 11. d4 Qc7 12. Nbd2 Re8 13. d5 Bd7 14. b3 c4 15. b4 Nb7 16. a4 a5 17. Ba3 axb4 18. Bxb4 Nc5 19. axb5 Bxb5 20. Qe2 g6 21. Qe3 Nfd7 22. Reb1 Rxa1 23. Rxa1 Qb7 24. Rb1 Qa6 25. Nh2 Rc8 26. Ndf3 Qa2 27. Qc1 Nb3 28. Qd1 Ra8 29. Ng4 Na1 30. Ne1 Nxc2 31. Qxc2 Qxc2 32. Nxc2 Ra2 33. Nge3 Nf6 34. f3 Ba6 35. Na3 Bf8 36. Naxc4 Bxc4 37. Nxc4 Ra6 38. Na5 Nh5 39. Nc6 f5 40. exf5 gxf5 41. Re1 Nf4 42. Nxe5 Nxd5 43. Nc4 Nxb4 44. cxb4 Ra4 45. Rd1 Rxb4 46. Nxd6 f4 47. Rd5 Bxd6 48. Rxd6 Kf7 49. Kh2 Kg7 50. h4 h5 51. Re6 Rd4 52. Kg1 Kf7 53. Re5 Kg6 54. Kf2 Rd2+ 55. Re2 Rd6 56. g4 fxg3+ 57. Kxg3 Kf5 58. Re8 Rd4 59. Rh8 Kg6 60. Rg8+ Kh7 61. Rg5 Kh6 62. Re5 Kg6 63. Re4 Rd1 64. Kf4 Rg1 65. Re6+ Kg7 66. Kf5 Rg3 67. Re7+ Kf8 68. Re3 Kf7 69. Kf4 Rg1 70. Re5 Kg6 71. Rg5+ Rxg5 72. hxg5 h4 73. Kg4 h3 74. Kxh3 Kxg5 75. Kg3 Kf5 76. f4 Kf6 77. Kf3 Kf5 78. Ke3 Kf6 79. Ke4 Ke6 80. f5+ Kf6 81. Kf4 Kf7 82. Ke5 1/2-1/2

[Event "Varna op 6th"]
[Site "Varna"]
[Date "2012.07.19"]
[Round "8"]
[White "Kamenov, Valentin"]
[Black "Dragieva, Denitza"]
[Result "1-0"]
[WhiteElo "1841"]
[BlackElo "2019"]
[PlyCount "61"]
[EventDate "2012.07.11"]
[EventType "swiss"]
[EventRounds "9"]
[EventCountry "BUL"]
[SourceTitle "CBM 149 Extra"]
[Source "ChessBase"]
[SourceDate "2012.08.24"]
[SourceVersion "1"]
[SourceVersionDate "2012.08.24"]
[SourceQuality "1"]

1. e4 e5 2. Nf3 Nc6 3. d4 exd4 4. Nxd4 Bc5 5. Be3 Qf6 6. c3 Nge7 7. a4 d6 8. Na3 a6 9. Nac2 Nxd4 10. cxd4 Bb6 11. a5 Ba7 12. Be2 Qg6 13. Bf3 0-0 14. 0-0 f5 15. e5 dxe5 16. dxe5 Bxe3 17. Nxe3 Nc6 18. Bxc6 Qxc6 19. Nd5 Kh8 20. Rc1 Qg6 21. Nxc7 Rb8 22. f4 b6 23. Qb3 Bb7 24. Qg3 bxa5 25. Qxg6 hxg6 26. e6 Be4 27. e7 Rfc8 28. Nxa6 Rxc1 29. Nxb8 Rc8 30. Rd1 Rxb8 31. Rd8+ 1-0

[Event "Balkaniad U16 Girls"]
[Site "Cetinje"]
[Date "2012.05.02"]
[Round "6.1"]
[White "Blagojevic, Tijana"]
[Black "Dragieva, Denitza"]
[Result "1-0"]
[WhiteElo "1912"]
[BlackElo "2005"]
[PlyCount "85"]
[EventDate "2012.04.29"]
[EventType "team-tourn"]
[EventRounds "6"]
[EventCountry "MNE"]
[SourceTitle "EXT 2014"]
[Source "ChessBase"]
[SourceDate "2013.11.20"]
[SourceVersion "1"]
[SourceVersionDate "2013.11.20"]
[SourceQuality "1"]

1. e4 e5 2. Nf3 Nc6 3. Nc3 Nf6 4. d4 Bb4 5. Nxe5 Qe7 6. Qd3 Nxe5 7. dxe5 Qxe5 8. Bd2 0-0 9. 0-0-0 Bxc3 10. Bxc3 Qxe4 11. Qg3 Qg6 12. Qxc7 Ne4 13. Bb4 d6 14. Bxd6 Nxd6 15. Qxd6 Be6 16. Qg3 Qf6 17. Kb1 Rac8 18. Qe3 Rfe8 19. Qf3 Qh4 20. Bb5 Bg4 21. Qf4 g5 22. Qf6 Bxd1 23. Rxd1 Re6 24. Qf5 Rf8 25. b3 Qf4 26. Qh3 g4 27. Qc3 Qe5 28. Qc4 a6 29. Bd7 Rg6 30. Bxg4 b5 31. Qb4 a5 32. Qd4 Qxh2 33. Bf3 Qc7 34. Be4 Rg7 35. Qd3 Qe5 36. Rh1 Rb8 37. Bxh7+ Kf8 38. Be4 a4 39. Qe3 Rd8 40. bxa4 bxa4 41. Rh8+ Rg8 42. Rxg8+ Kxg8 43. Bh7+ 1-0

[Event "Balkaniad U16 Girls"]
[Site "Cetinje"]
[Date "2012.05.01"]
[Round "5.2"]
[White "Dragieva, Denitza"]
[Black "Tomin, Ksenija"]
[Result "1/2-1/2"]
[WhiteElo "2005"]
[BlackElo "1876"]
[PlyCount "151"]
[EventDate "2012.04.29"]
[EventType "team-tourn"]
[EventRounds "6"]
[EventCountry "MNE"]
[SourceTitle "EXT 2014"]
[Source "ChessBase"]
[SourceDate "2013.11.20"]
[SourceVersion "1"]
[SourceVersionDate "2013.11.20"]
[SourceQuality "1"]

1. d4 Nf6 2. Nf3 e6 3. g3 d5 4. Bg2 Bd6 5. 0-0 0-0 6. c4 c6 7. Nbd2 Nbd7 8. b3 e5 9. dxe5 Nxe5 10. cxd5 Nxd5 11. Bb2 Nxf3+ 12. Bxf3 Bb4 13. Nc4 Bh3 14. Qd4 Qg5 15. Rfd1 Rfd8 16. Qe5 Qxe5 17. Nxe5 Bc3 18. Bxc3 Nxc3 19. Rdc1 Nb5 20. e3 Rd6 21. a4 Nc7 22. Nc4 Rf6 23. Bh1 Na6 24. Rd1 Kf8 25. Nd6 Nc5 26. b4 Na6 27. b5 Nc5 28. bxc6 bxc6 29. Rac1 Rd8 30. Rxc5 Rfxd6 31. Rxd6 Rxd6 32. Rc1 c5 33. Bf3 Ra6 34. Bg2 Bxg2 35. Kxg2 Rxa4 36. Rxc5 Ke7 37. Rc7+ Ke6 38. f4 Ra2+ 39. Kf3 a5 40. h4 a4 41. Ke4 g6 42. Rc6+ Kd7 43. Ra6 a3 44. Kd3 Ra1 45. Kc2 a2 46. Kb2 Rg1 47. Kxa2 Rxg3 48. h5 Rxe3 49. f5 gxh5 50. Rh6 Rh3 51. Rxh7 Ke7 52. Kb2 Kf6 53. Kc2 Rf3 54. Rxh5 Rxf5 55. Rh3 Rd5 56. Rf3+ Ke6 57. Re3+ Kd6 58. Re1 f5 59. Re3 Rd4 60. Re8 Kd5 61. Re2 Re4 62. Rf2 Ke5 63. Kd2 Ra4 64. Rf3 Ke4 65. Rh3 Ra2+ 66. Ke1 f4 67. Kf1 Rd2 68. Ra3 Rd3 69. Rxd3 Kxd3 70. Kf2 Ke4 71. Ke2 f3+ 72. Kf2 Kf4 73. Kf1 Ke3 74. Ke1 Ke4 75. Kf2 Kf4 76. Kf1 1/2-1/2

[Event "Balkaniad U16 Girls"]
[Site "Cetinje"]
[Date "2012.05.01"]
[Round "4.2"]
[White "Visanescu, Daria Ioana"]
[Black "Dragieva, Denitza"]
[Result "1-0"]
[WhiteElo "2052"]
[BlackElo "2005"]
[PlyCount "135"]
[EventDate "2012.04.29"]
[EventType "team-tourn"]
[EventRounds "6"]
[EventCountry "MNE"]
[SourceTitle "EXT 2014"]
[Source "ChessBase"]
[SourceDate "2013.11.20"]
[SourceVersion "1"]
[SourceVersionDate "2013.11.20"]
[SourceQuality "1"]

1. e4 e5 2. Nf3 Nc6 3. Bc4 Bc5 4. c3 Nf6 5. d4 exd4 6. e5 d5 7. Bb5 Ne4 8. cxd4 Bb6 9. Nc3 0-0 10. h3 Be6 11. 0-0 f6 12. Bxc6 bxc6 13. Be3 Nxc3 14. bxc3 fxe5 15. Nxe5 Qd6 16. a4 a5 17. Bc1 Bf5 18. Ba3 c5 19. g4 Be4 20. f3 Bg6 21. Kg2 Rfd8 22. Qe1 Re8 23. Qf2 c6 24. Rfe1 Qe6 25. Nc4 Qxe1 26. Rxe1 dxc4 27. Bxc5 Bc7 28. Be7 Bf4 29. d5 cxd5 30. Qd4 Bc7 31. Qxd5+ Bf7 32. Qc6 Rac8 33. Bh4 Be5 34. Qxc8 Rxc8 35. Rxe5 Ra8 36. Rc5 Kf8 37. Kf2 Rb8 38. Ke3 Rb3 39. Kd4 Ra3 40. Rxa5 Be8 41. Rf5+ Bf7 42. a5 g6 43. Re5 Ra1 44. Be7+ Kg7 45. f4 Rd1+ 46. Kc5 Rd3 47. Kb4 Rxh3 48. a6 Rh1 49. a7 Ra1 50. Ra5 Rxa5 51. Kxa5 Bd5 52. Kb6 h5 53. gxh5 gxh5 54. Kc7 Kg6 55. Kb8 Kf5 56. Bg5 Kg4 57. a8Q Bxa8 58. Kxa8 h4 59. Bxh4 Kxh4 60. Kb7 Kg4 61. Kc6 Kxf4 62. Kd5 Kf5 63. Kxc4 Ke6 64. Kc5 Kd7 65. Kb6 Kc8 66. c4 Kb8 67. c5 Kc8 68. Kc6 1-0

[Event "Balkaniad U16 Girls"]
[Site "Cetinje"]
[Date "2012.04.30"]
[Round "3.1"]
[White "Dragieva, Denitza"]
[Black "Blagojevic, Tijana"]
[Result "0-1"]
[WhiteElo "2005"]
[BlackElo "1912"]
[PlyCount "72"]
[EventDate "2012.04.29"]
[EventType "team-tourn"]
[EventRounds "6"]
[EventCountry "MNE"]
[SourceTitle "EXT 2014"]
[Source "ChessBase"]
[SourceDate "2013.11.20"]
[SourceVersion "1"]
[SourceVersionDate "2013.11.20"]
[SourceQuality "1"]

1. d4 d5 2. Nf3 Nf6 3. Bf4 c5 4. e3 Nc6 5. Be2 Qb6 6. Nc3 cxd4 7. exd4 Bg4 8. Na4 Qa5+ 9. c3 e6 10. 0-0 Be7 11. h3 Bh5 12. b4 Qd8 13. Nc5 Qc8 14. Rc1 0-0 15. Nd3 Ne4 16. Bh2 a5 17. b5 Na7 18. Qb3 Bxf3 19. Bxf3 Nd2 20. Qa4 Nxf1 21. Kxf1 Qc4 22. Qxc4 dxc4 23. Ne5 Nxb5 24. Bxb7 Rab8 25. Bf3 Bd6 26. Nd7 Bxh2 27. g3 Nd6 28. Nxf8 Kxf8 29. Kg2 Rb2 30. Kxh2 Rxf2+ 31. Bg2 Rxa2 32. Rb1 a4 33. Rb6 Ke7 34. Kg1 Ra3 35. Rb4 Rxc3 36. Rxa4 Rxg3 0-1

[Event "Balkaniad U16 Girls"]
[Site "Cetinje"]
[Date "2012.04.29"]
[Round "2.2"]
[White "Tomin, Ksenija"]
[Black "Dragieva, Denitza"]
[Result "1/2-1/2"]
[WhiteElo "1876"]
[BlackElo "2005"]
[PlyCount "93"]
[EventDate "2012.04.29"]
[EventType "team-tourn"]
[EventRounds "6"]
[EventCountry "MNE"]
[SourceTitle "EXT 2014"]
[Source "ChessBase"]
[SourceDate "2013.11.20"]
[SourceVersion "1"]
[SourceVersionDate "2013.11.20"]
[SourceQuality "1"]

1. e4 e5 2. Nf3 Nc6 3. Bc4 Bc5 4. c3 Nf6 5. d3 d6 6. Bb3 a6 7. Nbd2 Ba7 8. h3 h6 9. Nf1 Be6 10. Bc2 d5 11. exd5 Nxd5 12. Ng3 0-0 13. 0-0 f5 14. Re1 Qd6 15. Nf1 Rae8 16. a4 a5 17. Bb3 Kh8 18. Bc4 Nf6 19. Bb5 Bd5 20. Be3 Bb8 21. d4 Nd7 22. Nxe5 Ncxe5 23. dxe5 Rxe5 24. Bf4 Rxe1 25. Bxd6 Rxd1 26. Rxd1 cxd6 27. Rxd5 Nc5 28. Ne3 Ne4 29. Rxf5 Rxf5 30. Nxf5 Ba7 31. Nd4 Bc5 32. Kf1 Nf6 33. Ke2 Kg8 34. Nb3 Bb6 35. Nd2 d5 36. f4 Kf7 37. g4 Ke6 38. Kf3 Nd7 39. h4 Nf8 40. g5 hxg5 41. fxg5 Ng6 42. h5 Ne5+ 43. Kf4 Bc7 44. Ke3 Bb6+ 45. Kf4 Bc7 46. Ke3 Bb6+ 47. Kf4 1/2-1/2